| 000 | 00355nam a22001337a 4500 | ||
|---|---|---|---|
| 005 | 20230616112603.0 | ||
| 008 | 230616b ||||| |||| 00| 0 eng d | ||
| 040 | _cAL | ||
| 245 | _aJagrati Varshika Sanchike | ||
| 260 |
_aMangaluru _bDiganta Mudrana |
||
| 650 |
_aYearly Magazine _9124153 |
||
| 650 |
_aVivekananda College _9124154 |
||
| 942 |
_2ddc _cPR _s1 |
||
| 999 |
_c227549 _d227549 |
||